Al asalto del alma (Record no. 802438)
[ view plain ]
| 000 -CABECERA | |
|---|---|
| Campo de control de longitud fija | 00503nam a2200181 4500 |
| 001 - NÚMERO DE CONTROL | |
| Campo de control | VA18970 |
| 003 - IDENTIFICADOR DEL NÚMERO DE CONTROL | |
| Campo de control | ES-SlBCS |
| 005 - FECHA Y HORA DE LA ÚLTIMA TRANSACCIÓN | |
| Campo de control | 20210601154254.0 |
| 008 - CÓDIGOS DE INFORMACIÓN DE LONGITUD FIJA | |
| Campo de control de longitud fija | 140520s1971 xxu||||| |||| 00| 0 spa d |
| 041 ## - CÓDIGO DE LENGUA | |
| Código de lengua del texto/banda sonora o título independiente | spa |
| 100 1# - PUNTO DE ACCESO PRINCIPAL-NOMBRE DE PERSONA | |
| Nombre de persona | Marfeld, A. F. |
| 9 (RLIN) | 27425 |
| 245 10 - MENCIÓN DE TÍTULO | |
| Título | Al asalto del alma |
| Resto del título | :Lo diabólico del inconsciente. Misterio y ser |
| Mención de responsabilidad, etc. | A. F. Marfeld;Diorki |
| 260 ## - PUBLICACIÓN, DISTRIBUCIÓN, ETC... (PIE DE IMPRENTA) | |
| Lugar de publicación, distribución, etc. | Madrid : |
| Nombre del editor, distribuidor, etc. | Studium |
| Fecha de publicación, distribución, etc. | , 1971 |
| 300 ## - DESCRIPCIÓN FÍSICA | |
| Extensión | 347 p.; |
| Dimensiones | 21 cm |
| 650 ## - PUNTO DE ACCESO ADICIONAL DE MATERIA-TÉRMINO DE MATERIA | |
| Término de materia o nombre geográfico como elemento inicial | Inconsciente |
| 9 (RLIN) | 151724 |
| 700 10 - PUNTO DE ACCESO ADICIONAL-NOMBRE DE PERSONA | |
| Nombre de persona | Diorki |
| 9 (RLIN) | 21362 |
| 942 ## - ENTRADA DE ELEMENTOS AGREGADOS (KOHA) | |
| Koha [por defecto] tipo de item | Libros |
| Suprimido | Perdido | Estropeado | No para préstamo | Localización permanente | Localización actual | Localización en estantería | Fecha adquisición | Préstamos totales | Signatura completa | Número de Registro / Código de Barras | Fecha última consulta | Fecha del precio de reemplazo | Tipo de item de Koha |
|---|---|---|---|---|---|---|---|---|---|---|---|---|---|
| San Esteban | San Esteban | Valladolid | 11/07/2014 | 26/C3 | VA18970 | 11/07/2014 | 11/07/2014 | Libros |
